Catálogo - Centro de Recursos para el Aprendizaje y la Investigación
Volver al Sitio - CRAI Biblioteca| 000 -CABECERA | |
|---|---|
| campo de control de longitud fija | 01264nas a2200313 4500 |
| 001 - NÚMERO DE CONTROL | |
| campo de control | 113347 |
| 003 - IDENTIFICADOR DEL NÚMERO DE CONTROL | |
| campo de control | DR-UNIBE |
| 005 - FECHA Y HORA DE LA ÚLTIMA TRANSACCIÓN | |
| campo de control | 20250922093226.0 |
| 008 - DATOS DE LONGITUD FIJA--INFORMACIÓN GENERAL | |
| campo de control de longitud fija | 250318b1999 mx ||||| |||| 00| 0 spa d |
| 022 ## - NÚMERO INTERNACIONAL NORMALIZADO PARA PUBLICACIONES SERIADAS | |
| Número Internacional Normalizado para Publicaciones Seriadas | 1405-9193 (impreso) |
| 022 ## - NÚMERO INTERNACIONAL NORMALIZADO PARA PUBLICACIONES SERIADAS | |
| Número Internacional Normalizado para Publicaciones Seriadas | 2448-4881 (electrónico) |
| 040 ## - FUENTE DE LA CATALOGACIÓN | |
| Centro catalogador/agencia de origen | Biblioteca UNIBE |
| Centro/agencia transcriptor | Biblioteca UNIBE |
| 041 ## - CÓDIGO DE LENGUA | |
| Código de lengua del texto/banda sonora o título independiente | spa |
| 082 ## - NÚMERO DE LA CLASIFICACIÓN DECIMAL DEWEY | |
| Número de edición | 22 |
| Número de clasificación | PP 342.725205 C965c |
| 245 00 - MENCIÓN DE TÍTULO | |
| Título | Cuestiones constitucionales : |
| Resto del título | revista mexicana de derecho constitucional |
| 246 30 - FORMA VARIANTE DE TÍTULO | |
| Título propio/Titulo breve | Revista mexicana de derecho constitucional |
| 260 ## - PUBLICACIÓN, DISTRIBUCIÓN, ETC. | |
| Lugar de publicación, distribución, etc. | México, D.F. : |
| Nombre del editor, distribuidor, etc. | Universidad Nacional Autónoma de México (UNAM). Instituto de Investigaciones Jurídicas, |
| Fecha de publicación, distribución, etc. | 1999 |
| 300 ## - DESCRIPCIÓN FÍSICA | |
| Extensión | volúmenes ; |
| Dimensiones | 23 x 16 cm |
| 310 ## - PERIODICIDAD ACTUAL | |
| Periodicidad actual | Semestral |
| 362 ## - FECHAS DE PUBLICACIÓN Y/O DESIGNACIÓN SECUENCIAL | |
| Fecha de publicación y/o designación secuencial | Número 11, (julio-diciembre 2004) - número 12 (enero-junio 2005) - número 13 (julio-diciembre 2005) - número 14 (enero-junio 2006) |
| 650 #7 - PUNTO DE ACCESO ADICIONAL DE MATERIA--TÉRMINO DE MATERIA | |
| Fuente del encabezamiento o término | lemb |
| Término de materia o nombre geográfico como elemento de entrada | Derecho |
| 650 #7 - PUNTO DE ACCESO ADICIONAL DE MATERIA--TÉRMINO DE MATERIA | |
| Fuente del encabezamiento o término | lemb |
| Término de materia o nombre geográfico como elemento de entrada | Ciencias sociales |
| 650 #7 - PUNTO DE ACCESO ADICIONAL DE MATERIA--TÉRMINO DE MATERIA | |
| Fuente del encabezamiento o término | lemb |
| Término de materia o nombre geográfico como elemento de entrada | Ciencia política |
| 650 #7 - PUNTO DE ACCESO ADICIONAL DE MATERIA--TÉRMINO DE MATERIA | |
| Fuente del encabezamiento o término | lemb |
| Término de materia o nombre geográfico como elemento de entrada | Sociología |
| 651 #7 - PUNTO DE ACCESO ADICIONAL DE MATERIA--NOMBRE GEOGRÁFICO | |
| Fuente del encabezamiento o término | lemb |
| Nombre geográfico | México |
| Subdivisión general | Derecho constitucional |
| 9 (RLIN) | 193164 |
| 655 #7 - TÉRMINO DE INDIZACIÓN--GÉNERO/FORMA | |
| Fuente del término | lemb |
| Datos o término principal de género/forma | Publicaciones periódicas |
| 710 2# - PUNTO DE ACCESO ADICIONAL--NOMBRE DE ENTIDAD CORPORATIVA | |
| Nombre de entidad corporativa o nombre de jurisdicción como elemento de entrada | Universidad Nacional Autónoma de México (UNAM). |
| Unidad subordinada | Instituto de Investigaciones Jurídicas |
| Término indicativo de función/relación | autor |
| 9 (RLIN) | 199338 |
| 942 ## - ELEMENTOS DE PUNTO DE ACCESO ADICIONAL (KOHA) | |
| Fuente del sistema de clasificación o colocación | Sistema de Clasificación Decimal Dewey |
| Tipo de ítem Koha | Revista |
| Estado de retiro | Estado de pérdida | Fuente del sistema de clasificación o colocación | Estado dañado | No para préstamo | Código de colección | Localización permanente | Ubicación/localización actual | Fecha de adquisición | Enumeración/cronología de publicación seriada | Total de préstamos | Signatura topográfica completa | Código de barras | Fecha visto por última vez | Número de copia | Precio válido a partir de | Tipo de ítem Koha |
|---|---|---|---|---|---|---|---|---|---|---|---|---|---|---|---|---|
| Disponible | Sistema de Clasificación Decimal Dewey | Hemeroteca | Biblioteca Central UNIBE | Biblioteca Central UNIBE | 18/03/2025 | Número 14 (enero-junio 2006) | PP 342.725205 C965c | R250027 | 18/03/2025 | Ej. 1 | 18/03/2025 | Revista | ||||
| Disponible | Sistema de Clasificación Decimal Dewey | Hemeroteca | Biblioteca Central UNIBE | Biblioteca Central UNIBE | 22/09/2025 | Número 13 (julio-diciembre 2005) | PP 342.725205 C965c | R250225 | 22/09/2025 | Ej. 1 | 22/09/2025 | Revista | ||||
| Disponible | Sistema de Clasificación Decimal Dewey | Hemeroteca | Biblioteca Central UNIBE | Biblioteca Central UNIBE | 22/09/2025 | Número 12 (enero-junio 2005) | PP 342.725205 C965c | R250224 | 22/09/2025 | Ej. 1 | 22/09/2025 | Revista | ||||
| Disponible | Sistema de Clasificación Decimal Dewey | Hemeroteca | Biblioteca Central UNIBE | Biblioteca Central UNIBE | 22/09/2025 | Número 11 (julio-diciembre 2004) | PP 342.725205 C965c | R250223 | 22/09/2025 | Ej. 1 | 22/09/2025 | Revista |